| 000 | 01203nam a2200229Ia 4500 | ||
|---|---|---|---|
| 001 | L040-2167 | ||
| 003 | IT-CnALBA | ||
| 008 | 170116s9999||||xx |||||||||||||| ||und|| | ||
| 040 |
_aIT-CnALBA _cIT-CnALBA |
||
| 041 | _aITALIANO | ||
| 100 | _aAA. VV. | ||
| 245 | 0 | _aDIZIONARIO ENCICLOPEDICO ITALIANO. VOLL. I-XII. APPENDICI. | |
| 250 | _a1a ed. | ||
| 260 |
_aROMA _bTRECCANI IST. ENCICLOPEDIA ITAL. _c1955 [1° Ed.: n.d.] |
||
| 300 | _a p. (prefazione: 9) | ||
| 500 | _aPRESIDENTE. VICE PRESIDENTI. CONSIGLIO E COMITATO DI AMMINISTRAZIONE. DIRETTORE GENERALE. REVOSORI. REDAZIONE. COLLABORATORI. VOLUME DI SUPPLEMENTO. APPENDICE 63. PROTETTO IN MOBILE SITUATO IN VANO DELLA PARETE DIVISORIA CENTRALE DELLA BIBLIOTECA. | ||
| 501 | _aSocietà San Paolo EM - Piazza San Paolo, 14 - 12051 ALBA (CN) (non commercial uses only) ® Copyright 2017 | ||
| 520 | _aPRESIDENTE. VICE PRESIDENTI. CONSIGLIO E COMITATO DI AMMINISTRAZIONE. DIRETTORE GENERALE. REVOSORI. REDAZIONE. COLLABORATORI. VOLUME DI SUPPLEMENTO. APPENDICE 63. PROTETTO IN MOBILE SITUATO IN VANO DELLA PARETE DIVISORIA CENTRALE DELLA BIBLIOTECA. | ||
| 650 | _aDIZIONARI ENCICLOPEDICI IN ITALIANO | ||
| 942 | _cBK | ||
| 957 | _71 | ||
| 999 |
_a3145 _bNO _g Copie: 1 _c261354 _d261354 |
||